Revista de derecho privado y comunitario 2013 - 3 : concursos. Actualización II /

Guardado en:
Formato: Libro
Idioma:Spanish
Publicado: Santa Fe : Rubinzal - Culzoni, 2013.
Edición:1a. ed.
Materias:
Etiquetas: Agregar Etiqueta
Sin Etiquetas, Sea el primero en etiquetar este registro!
LEADER 00628nam a22001935a 4500
001 DER.der013968
008 190904s2013####ag#||||||||||||||#||spa||
005 20230609151318.0
245 1 0 |a Revista de derecho privado y comunitario 2013 - 3 :  |b concursos. Actualización II /  |c Alegría, Héctor. 
250 |a 1a. ed. 
260 |a Santa Fe :  |b Rubinzal - Culzoni,  |c 2013. 
300 |a 716 p. 
700 1 |a Alegría, Héctor,  |e dir. 
700 1 |a Mosset Iturraspe, Jorge,  |e dir. 
650 7 |a FIDEICOMISO 
650 7 |a PROCESO PREVENTIVO 
650 7 |a INSOLVENCIA 
650 7 |a PROCESOS CONCURSALES 
859 |a DERECHO  |b BIB. DERECHO  |h 346  |i REV  |p 009174